| 000 | 02507nam a2200397 a 4500 | ||
|---|---|---|---|
| 001 | 000000187 | ||
| 003 | DO-SdBNP | ||
| 005 | 20171011125312.0 | ||
| 007 | 000000186 | ||
| 008 | 081029s2010 dr 001 0 spa d | ||
| 020 | _a97899454873344 | ||
| 040 |
_aBPMSU _bspa _cBPMSU |
||
| 082 |
_a972.93 _bB742d, 2010 |
||
| 092 | _b | ||
| 100 | 1 |
_aBosch, Juan, _d1909-2001 |
|
| 245 | 1 | 4 |
_aLas dictaduras dominicanas / _cJuan Bosch. |
| 250 | _a | ||
| 260 |
_aSanto Domingo : _bFundación Juan Bosch, _c2005. |
||
| 300 |
_a190 p. ; _c23 cm. |
||
| 490 | 1 | _aCentenario de Juan Bosch, | |
| 490 | 1 | _aPolítica | |
| 505 | 0 |
_tPalabras de introducción -- _tUna colonia despoblada -- _tLa aparición del capitalismo en nuestro país -- _tSituación de desorden general -- _tEl país desconocía el orden -- _tLo que era el país en el año 1888 -- _tLo que era el país en el año 1888 -- _tEl panorama de un país sin caminos -- _tEl tránsito del precapitalismo al capitalismo -- _tSe reanuda el estado de desorden general -- _tBolos contra rabuses y rabuses contra bolos -- _tCada quien hacía lo que le daba la gana -- _tEl desorden general en el año 1906 -- _tGuayubín, un general de esos tiempos -- _tMás guerras y la división de los bolos -- _tDesiderio Arias. Su papel en la actividad política nacional -- _tOcupación militar del país por Estados Unidos -- _tLa ley de registro de tierras -- _tLa situación económica hacia el año 1920 -- _tEl atraso en la sociedad y en el comercio -- _tLas puertas del poder se abren para Trujillo -- _tTrujillo: único jefe militar y político del país -- _tUso constante del terror trujillista -- _tLos asesinatos dentro y fuera del país -- _tPlanes de asesinatos de presidentes caribeños -- _tLa acumulación originaria trujillista -- _tLa situación económica del país en 1930 -- _tEl impulso al desarrollo industrial, obra de la dictadura de Trujillo.-- _tReseña biográfica de Juan Bosch |
|
| 600 | 1 | 4 |
_aTRUJILLO MOLINA, RAFAEL LEÓNIDAS, _d1891-1961 |
| 600 | 1 | 4 |
_aHEUREAUX, ULISES, _d1845-1899 |
| 650 | 4 |
_aPRESIDENTES _zREPÚBLICA DOMINICANA |
|
| 650 | 4 |
_aDICTADORES _zREPÚBLICA DOMINICANA |
|
| 651 | 4 |
_aREPÚBLICA DOMINICANA _xHISTORIA |
|
| 651 | 4 |
_aREPÚBLICA DOMINICANA _xHISTORIA _yERA DE TRUJILLO, 1930-1961 |
|
| 651 | 4 |
_aREPÚBLICA DOMINICANA _xPOLÍTICA Y GOBIERNO |
|
| 830 | 0 | _aCentenario de Juan Bosch, | |
| 830 | 0 | _aPolítica | |
| 910 | _a | ||
| 942 |
_2ddc _cBK |
||
| 945 | _aInventariado, 2017/MFF | ||
| 956 |
_aVMATEO _b10 _c20161116 _lBPMSU _h0069 |
||
| 999 |
_c11973 _d11973 |
||